[Event "Sao Paulo Pascoa op"]
[Site "Sao Paulo"]
[Date "2024.03.31"]
[Round "5"]
[White "Goncalves, Richard Gabriel Sim"]
[Black "Miragaia, Pedro Maddi Damian"]
[Result "0-1"]
[WhiteElo "1728"]
[BlackElo "1850"]
[PlyCount "120"]
[EventDate "2024.03.29"]
[EventType "swiss"]
[EventRounds "6"]
[EventCountry "BRA"]
[SourceTitle "CB14_2024"]
[SourceDate "2024.04.01"]
[SourceVersion "1"]
[SourceVersionDate "2024.04.01"]
[SourceQuality "1"]

1. d4 d5 2. Nf3 Nf6 3. e3 c5 4. b3 cxd4 5. exd4 Nc6 6. Bb2 Bf5 7. Bd3 Bxd3 8. Qxd3 Qb6 9. 0-0 Rc8 10. a3 e6 11. Nbd2 Bd6 12. Ne5 0-0 13. c4 dxc4 14. Ndxc4 Qd8 15. Nxd6 Qxd6 16. f4 Rfd8 17. Rad1 Qd5 18. Rf3 Qe4 19. Ng4 Qxd3 20. Nxf6+ gxf6 21. Rfxd3 Ne7 22. d5 Rxd5 23. Bxf6 Rxd3 24. Rxd3 Nd5 25. Bg5 f6 26. Bh6 Rc3 27. Rxc3 Nxc3 28. g4 Kf7 29. Kf2 f5 30. h3 Nb5 31. a4 Nd4 32. b4 Nc6 33. b5 Nd4 34. Ke3 Nb3 35. gxf5 exf5 36. Bg5 Ke6 37. Bd8 Kd5 38. a5 Kc5 39. b6 a6 40. Kd3 Nxa5 41. Kc3 Nc4 42. Be7+ Kd5 43. Bd8 h5 44. Kb4 Ne3 45. Kc3 Nc4 46. Kb4 Nd6 47. Bc7 Ne4 48. Be5 Nf2 49. h4 Ng4 50. Bc7 Ne3 51. Bd8 Ng2 52. Bg5 Ne3 53. Bd8 Nc2+ 54. Ka5 Kc6 55. Be7 Nd4 56. Ka4 Ne6 57. Ka5 Kd5 58. Bf6 Ke4 59. Be5 Nxf4 60. Bc7 Nd3 0-1

[Event "Pindamonhangaba Rezende Memorial"]
[Site "Pindamonhangaba"]
[Date "2023.08.04"]
[Round "2"]
[White "Miragaia, Pedro Maddi Damian"]
[Black "Shukair, Said Nahi"]
[Result "1-0"]
[WhiteElo "1782"]
[BlackElo "1331"]
[PlyCount "69"]
[EventDate "2023.08.04"]
[EventType "swiss"]
[EventRounds "6"]
[EventCountry "BRA"]
[SourceTitle "CBM 215 Extra"]
[Source "ChessBase"]
[SourceDate "2023.09.30"]
[SourceVersion "1"]
[SourceVersionDate "2023.09.30"]
[SourceQuality "1"]

1. e4 c5 2. Nf3 d6 3. d4 cxd4 4. Nxd4 Nf6 5. Nc3 a6 6. Rg1 e5 7. Nb3 Be6 8. g4 d5 9. exd5 Nxd5 10. Nxd5 Qxd5 11. Be3 Nd7 12. Bg2 Qb5 13. Qd2 Bb4 14. c3 Nc5 15. Bf1 Bc4 16. a4 Nxb3 17. axb5 Nxd2 18. Kxd2 Bxf1 19. Rgxf1 Be7 20. bxa6 bxa6 21. Ra5 0-0 22. Rfa1 Rfd8+ 23. Kc2 f6 24. Rxa6 Rac8 25. Ra7 Bc5 26. Bxc5 Rxc5 27. Ra8 Rxa8 28. Rxa8+ Kf7 29. b4 Rc4 30. b5 Rxg4 31. b6 Rg2 32. b7 Rxf2+ 33. Kb3 Rxh2 34. b8Q Rg2 35. Qe8# 1-0

[Event "Hebraica op 30th"]
[Site "Hebraica"]
[Date "2023.02.11"]
[Round "4"]
[White "Hopka, Matheus Marchesi"]
[Black "Miragaia, Pedro Maddi Damian"]
[Result "1/2-1/2"]
[WhiteElo "1891"]
[BlackElo "1754"]
[PlyCount "95"]
[EventDate "2023.02.10"]
[EventType "swiss"]
[EventRounds "7"]
[EventCountry "BRA"]
[SourceTitle "CBM 212 Extra"]
[Source "ChessBase"]
[SourceDate "2023.03.31"]
[SourceVersion "1"]
[SourceVersionDate "2023.03.31"]
[SourceQuality "1"]

1. e4 c5 2. Nf3 d6 3. d4 cxd4 4. Nxd4 Nf6 5. Nc3 g6 6. Be3 Bg7 7. f3 0-0 8. Qd2 Nc6 9. Bc4 Bd7 10. 0-0-0 Rb8 11. h4 h5 12. Bb3 b5 13. Nxc6 Bxc6 14. Bh6 b4 15. Bxg7 Kxg7 16. Nd5 Bxd5 17. Bxd5 Qc7 18. Kb1 a5 19. g4 Rfc8 20. gxh5 Nxh5 21. Rh2 Qc3 22. Qg5 Qf6 23. Rg1 Qxg5 24. hxg5 a4 25. Rh4 e6 26. Rd1 exd5 27. Rxd5 Rc5 28. Rxd6 Rxg5 29. Kc1 Rg2 30. e5 Rc8 31. Rd2 Rg1+ 32. Rd1 Rxd1+ 33. Kxd1 Rb8 34. c3 bxc3 35. bxc3 a3 36. Rb4 Rxb4 37. cxb4 Kf8 38. Kc2 Ke7 39. Kb3 Kd7 40. Kxa3 Kc7 41. Kb3 Nf4 42. Kc4 Kb6 43. a4 Ne6 44. Kd5 Ng5 45. e6 fxe6+ 46. Ke5 Nxf3+ 47. Kxe6 Nd4+ 48. Kf6 1/2-1/2

[Event "BRA-ch U2000 Amateurs"]
[Site "Sao Paulo"]
[Date "2022.06.17"]
[Round "3"]
[White "Miragaia, Pedro Maddi Damian"]
[Black "Cunha Filho, Gilberto"]
[Result "1-0"]
[WhiteElo "1800"]
[BlackElo "1846"]
[PlyCount "68"]
[EventDate "2022.06.16"]
[EventType "swiss"]
[EventRounds "7"]
[EventCountry "BRA"]
[SourceTitle "CBM 208 Extra"]
[Source "ChessBase"]
[SourceDate "2022.07.31"]
[SourceVersion "1"]
[SourceVersionDate "2022.07.31"]
[SourceQuality "1"]

1. e4 e6 2. d4 d5 3. Nc3 Nf6 4. e5 Nfd7 5. f4 c5 6. Nf3 Nc6 7. Be3 Be7 8. Qd2 0-0 9. dxc5 Nxc5 10. 0-0-0 a6 11. Kb1 Bd7 12. f5 b5 13. f6 gxf6 14. exf6 Bd6 15. Bxc5 Qxf6 16. Bxd6 Rfc8 17. Qg5+ Qg6 18. Qxg6+ hxg6 19. Ne5 Nxe5 20. Bxe5 b4 21. Ne2 a5 22. Nd4 a4 23. Bb5 Bxb5 24. Nxb5 b3 25. cxb3 axb3 26. a3 Rc2 27. g3 Re2 28. Bf6 Rc8 29. Nd4 Rf2 30. Rhf1 Rxh2 31. Rh1 Rcc2 32. Rxh2 Rxh2 33. Rc1 Kh7 34. Nxb3 Rf2 1-0

[Event "BRA-ch U2000 Amateurs"]
[Site "Sao Paulo"]
[Date "2022.06.16"]
[Round "1"]
[White "Miragaia, Pedro Maddi Damian"]
[Black "Araujo, Jacques"]
[Result "1-0"]
[WhiteElo "1800"]
[BlackElo "1775"]
[PlyCount "108"]
[EventDate "2022.06.16"]
[EventType "swiss"]
[EventRounds "7"]
[EventCountry "BRA"]
[SourceTitle "CBM 208 Extra"]
[Source "ChessBase"]
[SourceDate "2022.07.31"]
[SourceVersion "1"]
[SourceVersionDate "2022.07.31"]
[SourceQuality "1"]

1. e4 c5 2. Nf3 e6 3. d4 cxd4 4. Nxd4 a6 5. Bd3 Qc7 6. 0-0 d6 7. c4 Nf6 8. Nc3 Nbd7 9. Qe2 Be7 10. Be3 0-0 11. Rac1 b6 12. Rfd1 Bb7 13. b4 Rfe8 14. Nb3 Rac8 15. f3 Qb8 16. a3 Bd8 17. Qf2 Bc7 18. Be2 d5 19. cxd5 Bxh2+ 20. Kf1 Bg3 21. Qg1 exd5 22. Nxd5 Nxd5 23. exd5 Rxc1 24. Nxc1 Qd6 25. Bf2 Bxf2 26. Qxf2 Nf6 27. Kg1 Rd8 28. Bc4 Qc7 29. Qd4 Qd6 30. Ne2 h6 31. Nc3 Qg3 32. Qxb6 Rb8 33. Qf2 Qe5 34. Qd4 Qd6 35. Ne4 Nxe4 36. Qxe4 Rc8 37. Qd4 Qc7 38. d6 Qd7 39. Bb3 Rd8 40. Kf2 Bc6 41. Bc4 Bb5 42. Bxb5 axb5 43. Qc5 Rc8 44. Qd5 Rc2+ 45. Rd2 Qa7+ 46. Kg3 Rxd2 47. Qxd2 Qd7 48. Qd5 g5 49. Qe5 Qc6 50. Qe7 Qc1 51. Qe5 Qh1 52. Kf2 Qh4+ 53. Kg1 Qc4 54. d7 Qc1+ 1-0